| 000 | 00659nam a2200157 i 4500 | ||
|---|---|---|---|
| 001 | 185253 | ||
| 003 | ES-MaACL | ||
| 005 | 20230906222400.0 | ||
| 008 | 160426s1880 sp |||| | spa d | ||
| 080 | _a338.47(460):656.2 | ||
| 245 | 0 | 0 | _aExamen de los beneficios que reportará a España la construcción de un ferro-carril directo de Madrid a la frontera francesa por Baides, Castejón y Roncal. |
| 260 |
_aMadrid : _b[s.n.], _c1880 ( _fImp. de Gregorio Juste) |
||
| 300 |
_a70 p., [1] h. pleg. ; _c22 cm. |
||
| 650 | 4 |
_aTransportes ferroviarios- _zEspaña. _9149654 |
|
| 852 | 4 |
_aES-MaACL _jT-433-F-11 _z- Enc. en un vol. facticio, falto de cub. original |
|
| 999 |
_c185253 _d185253 |
||